Nazwij wszystkie państwa, które... #3 - Statystyki

Ogólne statystyki
  • Ten quiz został rozwiązany 287 razy
    261 od ostatniego zresetowania
  • Średni wynik to 31 z 45
Statystyki odpowiedzi
Kategoria Kraj % Poprawnych
Który nie mówi po hiszpańsku leżący w Ameryce Południowej Brazylia
93%
Brazylia
93%
Brazylia
93%
Które wchodziło w skład Czechosłowacji w okresie międzywojennym Czechy
91%
Słowacja
91%
Które należało kiedyś do Imperium Khmerów Chiny
88%
Które jest pod władzą komunistów Chiny
88%
Polska
87%
Polska
87%
Portugalia
86%
Korea Północna
81%
Republika Południowej Afryki
81%
Republika Południowej Afryki
81%
Leżący na Zwrotniku Koziorożca Argentyna
80%
Francja
78%
Wietnam
77%
Wietnam
77%
Chile
75%
Tajlandia
74%
Gujana
71%
Laos
71%
Laos
71%
Niemcy
71%
Ukraina
71%
Kambodża
69%
Surinam
69%
Który graniczy z Eswatini Mozambik
68%
Mozambik
68%
Mozambik
68%
Włochy
67%
Gdzie językiem urzędowym jest portugalski Angola
65%
Mjanma
65%
Kuba
64%
Które jest w top 6 pod względem produkcji sera Stany Zjednoczone
64%
Australia
62%
Paragwaj
55%
Holandia
54%
Namibia
51%
Botswana
47%
Madagaskar
42%
Republika Zielonego Przylądka
35%
Gwinea Równikowa
34%
Gwinea Bissau
33%
Wyspy Świętego Tomasza i Książeca
32%
Timor Wschodni
28%
Nie znaleziono quizów pasujących do podanych kryteriów
Rozkład punktacji
Procent ludzi z każdym wynikiem
Percentyl według liczby udzielonych odpowiedzi
Twoja historia wyników
Nie rozwiązałeś tego quizu od ostatniego zresetowania